6er Tramm Stationen Basel BVB - Statistiken

Allgemein
  • Dieses Quiz wurde 60 mal gespielt
  • Das Durchschnittsergebnis liegt bei 13 aus 34
Antwortstatistiken
Antwort % Korrekt
Schifflände
70%
Barfüsserplatz
65%
Marktplatz
65%
Theater
65%
Badischer Bahnhof
61%
Messeplatz
61%
Riehen Grenze
61%
Eglisee
57%
Heuwaage
52%
Rheingasse
52%
Claraplatz
48%
Hirzbrunnen/Claraspital
48%
Riehen Dorf
48%
Allschwilerplatz
39%
Clarastrasse
39%
Gewerbeschule
39%
Brausebad
35%
Fondation Beyeler
35%
Morgartenring
35%
Schützenmattstrasse
35%
Holbeinstrasse
30%
Kirche
30%
Lindenplatz
26%
Lörracherstrasse
26%
Burgstrasse
22%
Habermatten
22%
Niederholzboden
22%
Pfaffenloh
22%
Weilstrasse
22%
Bettingerstrasse
17%
Ziegelei
17%
Merkurstrasse
17%
Binningerstrasse
9%
Gartenstrasse
9%
Keine übereinstimmenden Quizze gefunden
Verteilung der Resultate
Anzahl Personen mit jedem Resultat
Perzentil nach korrekt beantworteten Fragen
Ihre Resultats-Entwicklung
Sie haben dieses Quiz noch nicht gespielt